Sprint Legends: Top 10 Fastest Men and Women in the 100m - Statistics

General Stats
  • This quiz has been taken 29 times
  • The average score is 10 of 20
Answer Stats
Group Answer % Correct
Men Usain Bolt
100%
Men Yohan Blake
96%
Men Asafa Powell
88%
Men Justin Gatlin
79%
Men Tyson Gay
79%
Women Florence Griffith-Joyner
63%
Women Shelly-Ann Fraser-Pryce
63%
Women Elaine Thompson-Herah
54%
Women Sha'Carri Richardson
50%
Men Christian Coleman
46%
Women Shericka Jackson
46%
Women Marie-Josee Talou
42%
Women Marion Jones
42%
Men Fred Kerley
38%
Men Nesta Carter
33%
Women Carmelita Jetter
25%
Men Ferdinand Omanyala
25%
Men Trayvon Bromell
25%
Women Merlene Ottey
17%
Women Christine Arron
13%
No matching quizzes found
Score Distribution
Percent of People with Each Score
Percentile by Number Answered
Your Score History
You have not taken this quiz